General Francisco Mujica Int. Airport Destinations (Michoacán, Mexico) - Statistics

General Stats
  • This quiz has been taken 28 times
    14 since last reset
  • The average score is 8 of 18
Answer Stats
Airline Destination % Correct
Aeroméxico Connect Mexico City
100%
Volaris Cancún
86%
American Airlines/Volaris Dallas/Fort Worth
86%
Volaris Los Angeles
86%
Viva/Volaris Monterrey
86%
Viva/Volaris Tijuana
86%
United Express/Volaris Houston (Intercontinental)
57%
Volaris San Antonio
43%
Volaris San Jose (CA)
43%
Volaris Chicago (Midway)
29%
Viva/Volaris Chicago (O'Hare)
29%
Volaris Oakland
29%
Volaris Fresno
14%
Volaris Ixtapa/Zihuatanejo
14%
Volaris Ontario (CA)
14%
Volaris Puerto Vallarta
14%
Volaris Sacramento
14%
Volaris Mexicali
0%
No matching quizzes found
Score Distribution
Percent of People with Each Score
Percentile by Number Answered
Your Score History
You have not taken this quiz since the last reset